Principles of database quera processing for advanced applications

Saved in:
Bibliographic Details
Main Authors: Yu, Clement T. (Author), Meng, Weiyi (Author)
Format: Book
Language:English
Published: San Francisco : Morgan Kaufmann Publishers, 1997
Subjects:
Tags: Add Tag
No Tags, Be the first to tag this record!

MARC

LEADER 00000nam a22000003a 4500
001 stu49261
005 20150617225710.0
008 990301s1997------------------------eng-d
020 |a 1-55860-434-0 
040 |a STU  |b slo 
041 0 |a eng 
080 |a 681.32.013 
080 |a 519.683.5 
084 |a C6120  |2 INS 
084 |a C6160  |2 INS  |7 stu_us_auth*stu16331 
084 |a C7250  |2 INS 
100 1 |a Yu, Clement T.  |4 aut 
245 1 |a Principles of database quera processing for advanced applications 
260 |a San Francisco :  |b Morgan Kaufmann Publishers,  |c 1997 
300 |a 485 s 
650 7 |a dátabázové riadiace systémy  |2 stusub 
650 7 |a distribuované databázy  |2 stusub 
650 7 |a vyhľadávanie informácií  |2 stusub 
650 7 |a dotazovacie jazyky  |2 stusub 
650 7 |a objektovo orientované databázy  |2 stusub 
650 7 |a relačné databázy  |2 stusub 
700 1 |a Meng, Weiyi  |4 aut 
996 |b I5253  |c I*5253  |l II680  |s A  |a 24  |w stu49261_0001